000 01069 a2200277 4500
003 OSt
005 20180116192359.0
008 120702t xxu||||| |||| 00| 0 eng d
020 _a9780714845999 (hbk.)
020 _a071484599X (hbk.)
040 _c0
082 _a759.13
100 _aHorowitz, Frederick A.
_94923
245 1 0 _aJosef Albers :
_bto open eyes : the Bauhaus, Black Mountain College, and Yale /
_cFrederick A. Horowitz and Brenda Danilowitz.
260 _aLondon :
_bPhaidon,
_cc2006.
300 _a287 p. :
_b ill. (some col.), ports ;
_c30 cm.
500 _aIncludes bibliographical references (p. 273-276) and index.
600 1 0 _aAlbers, Josef.
_94924
600 1 0 _aAlbers, Josef
_xCriticism and interpretation.
_94925
650 1 0 _aArt teachers
_zGermany
_xBiography.
_94926
650 1 0 _aArt teachers
_zUnited States
_xBiography.
_94927
650 1 0 _aPainters
_z United States
_xBiography.
_94928
700 1 _4Danilowitz, Brenda.
_94929
942 _aSADA
_cBK
_k759.13 HOR 2006
_2ddc
999 _c353253
_d353253